The new science of skin and scuba diving

Shranjeno v:
Bibliografske podrobnosti
Korporativna značnica: Council for National Cooperation in Aquatics (Author)
Format: Knjiga
Jezik:angleščina
Izdano: Chicago Association Press 1974
Izdaja:4a. ed
Teme:
Oznake: Označite
Brez oznak, prvi označite!

MARC

LEADER 00000nam a2200000 a 4500
001 UCV5220
003 CL-VaPUC
008 920922e19740000US |||||||||||||||||eng|d
082 0 4 |a 797.23  |b COU  |2 21 
110 2 |a Council for National Cooperation in Aquatics  |e author  |9 299535 
245 1 4 |a The new science of skin and scuba diving 
250 |a 4a. ed 
300 |a 288 p 
942 |c BK 
945 |d 19920922 00:00:00 
260 |a Chicago  |b Association Press  |c 1974 
650 7 |a BUCEO  |2 CL-VaPUC  |9 261889 
583 |a last modification  |c 19920922 00:00:00  |k Rodrigo Vera 
999 |c 211804  |d 211802 
952 |0 0  |1 0  |4 0  |6 797_230000000000000_COU_1974  |7 0  |8 CCM  |9 191727  |a BIBCUR  |b BIBCUR  |d 2019-11-14  |i 2592592  |o 797.23 COU 1974  |p 2592592  |r 2025-04-22  |w 2019-11-14  |y BK  |k CIM